| 000 | 01655nam a2200325 c 4500 | ||
|---|---|---|---|
| 999 |
_c1697 _d1697 |
||
| 003 | BLK | ||
| 005 | 20250113164440.0 | ||
| 008 | 180412b bul|||||r ||||||| ||bul|| | ||
| 010 | _aKNG00002576000 | ||
| 020 | _a954-420-126-2 | ||
| 040 | _aBLK | ||
| 041 |
_aBUL _cBUL |
||
| 080 |
_aОбща хирургия. Общи въпроси на хирургичното лечение - Показания за операция, условия за провеждане, подготовка, протичане, асептика, антисептика, дези _b617-089.1 _x(075.8) _z617-089.1(075.8) |
||
| 139 |
_aОбща и оперативна хирургия _bО 25 |
||
| 245 | 1 | 0 |
_aОбща и оперативна хирургия _bУчебник за студенти по медицина |
| 257 | _aBGR | ||
| 260 |
_bМедицина и физкултура _c1994 |
||
| 300 |
_a374 с. _bс ил., сх., 8 л. ил. _c24 см |
||
| 380 | _a61 | ||
| 500 | _aДеп. списък: 23 Други авт.: Р. Н. Гайдарски, С.И. Стоимиров, Й. Г. Йорданов, В. Д. Маринова, В. С. Маринов, В. П. Младенов, отбелязани на с. 3 ; 3 042 тир Място на печат: Пловдив Име на печатница: Полиграфия | ||
| 650 | 4 |
_aХирургия - учебници за ВУЗ _9244671 |
|
| 653 | _aхирургия | ||
| 852 | _aЦб 179276 | ||
| 856 | 4 |
_qpdf _u |
|
| 856 | 4 |
_qpdf _u |
|
| 942 |
_cKNG _n0 _07 _s1 |
||
| 944 |
_aCR _c15.01.2003 _k30530 _lМинев Младен |
||
| 944 |
_aED _c05.08.2005 |
||
| 999 | _d1697 | ||